| 000 | 00498nam a22001817a 4500 | ||
|---|---|---|---|
| 005 | 20260310165739.0 | ||
| 008 | 260310b |||||||| |||| 00| 0 eng d | ||
| 020 | _a978-93-89802-55-9 | ||
| 041 | _aeng | ||
| 082 | _a001.42 KOT-R | ||
| 100 |
_aKOTHARI, C R AND GARG, GAURAV _98895 |
||
| 245 | _aRESEARCH METHODOLOGY METHODS AND TECHNIQUES | ||
| 250 | _a5TH ED. 2024 | ||
| 260 |
_aNEW DELHI _bNEW AGE INTERNATIONAL LIMITED PUBLISHERS _c2024 |
||
| 300 | _a464;P | ||
| 650 | _aLAW | ||
| 942 | _cBK | ||
| 999 |
_c9078 _d9076 |
||